000
00253pam a2200121 a 4500
020
_c
041
_a
eng
100
_a
Potter Will.
245
_a
DAily Dialogures
_h
Textual Documents
260
_a
[s.l]:
_b
Marburg.A.D
300
_a
256p.
930
_a
15300
999
_c
92200
_d
92200